[Event "Salou-A"]
[Site "Salou"]
[Date "2000.??.??"]
[Round "8"]
[White "Pogorelov, Ruslan"]
[Black "Ivanov, Jordan"]
[Result "1/2-1/2"]
[WhiteElo "2445"]
[BlackElo "2461"]
[Annotator "Meulders,R"]
[PlyCount "127"]
[EventDate "2000.10.16"]
[EventType "tourn"]
[EventRounds "9"]
[EventCountry "ESP"]
[EventCategory "10"]
[SourceTitle "CBM 080"]
[Source "ChessBase"]
[SourceDate "2001.01.25"]
[SourceVersion "1"]
[SourceVersionDate "2001.01.25"]
[SourceQuality "1"]

1. d4 Nf6 2. c4 d6 3. Nc3 Bf5 4. f3 e5 5. e4 exd4 6. Qxd4 Nc6 7. Qd2 Be6 8. b3
g6 ({Aktiver als die Alternative} 8... Be7 {die mehr im Geiste des
Altindischen ist.}) 9. Bb2 Bg7 10. Bd3 {Der 'schlechte' Läufer wird erst
entwickelt.} O-O 11. Nge2 Nd7 {Die Alternativen sind ein geplantes Gegenspiel
am Damenflügel mit ...a6, ein Versuch die weisse Expansion am Damenflügel zu
bremsen mit ...a5 oder zentrales Pferdegehüpf.} (11... a6 12. O-O Ne5 13. Rad1
Nxd3 14. Qxd3 Nd7 15. Nd4 Re8 16. Qc2 Qb8 17. Kh1 $14 {1-0 Krogius,N-Suba,M/
Sochi 1977/EXT 99 (31)}) (11... a5 12. O-O Ne5 (12... Nd7 13. Rad1 Nc5 14. Nf4
a4 15. Ncd5 Ne5 16. Bxe5 dxe5 17. Nxe6 fxe6 18. Ne3 axb3 19. axb3 Qd4 20. b4
Na4 21. Rf2 Bh6 22. Nc2 Bxd2 23. Nxd4 Be3 24. Nxe6 Nb2 {0-1 Tella,J-Ubilava,E/
Benasque 1997/EXT 98 (24)}) 13. Rad1 a4 14. Nd4 axb3 15. axb3 Nh5 16. f4 Nc6
17. Nxc6 bxc6 18. Na4 $11 {0-1 Garcia Palermo,C-Lebredo,G/Bayamo 1983/MCD (45)}
) (11... Ne5 12. Bc2 Bxc4 $2 {Mutig aber Quatsch.} 13. f4 (13. bxc4 Nxc4 14.
Qc1 $18) 13... Bh6 14. bxc4 Nxc4 15. Qc1 c6 16. Bb3 Nxb2 17. Qxb2 Bg7 18. Ng3
$18 {Aber später Zeitüberschreitung, 1-0 Lacrosse,M-Osman,M/Massy 1992/EXT 99 
(36)}) 12. O-O Nc5 13. Bb1 (13. f4 Nxd3 14. Qxd3 f5 15. exf5 Bxf5 16. Qd2 Qf6
17. Rae1 Rae8 18. Nd1 Qf7 19. Bxg7 {1/2-1/2 Andrianov,N-Vasiukov,E/Moscow 1984/
MCL (19)}) 13... Qf6 14. Nd1 Qe7 15. Bxg7 Kxg7 16. Ne3 {[%csl Rd5]} a5 $11 17.
Bc2 f6 $6 (17... Nb4) (17... Qh4) 18. a3 $14 Nd7 19. Nc3 {[%csl Rd5]} Nb6 20.
Ned5 Bxd5 21. exd5 Ne5 22. f4 Nf7 23. Rfe1 $16 {[%csl Re6] Weiss steht klar
überlegen.} Qd8 $6 (23... Qd7 24. Nb5 {Jetzt hängt Pa5, so dass der natürliche
Zug ...Rad8 unmöglich ist.} a4 $5 25. Nd4 Nd8 $14) 24. Nb5 {[%cal Gb5d4,Gd4e6]}
Qd7 25. Nd4 Nd8 26. f5 $1 $18 c5 27. dxc6 bxc6 28. fxg6 hxg6 29. Re3 Nc8 30.
Rae1 f5 {Weiss hat eine Gewinnstellung erreicht, aber er versäumt es jetzt
mehrere Male, den Todesstoss zu versetzen.} 31. Rh3 (31. Nxf5+ $1 Rxf5 32. Qd4+
Kf7 33. Bxf5 gxf5 34. Qh8 $18) 31... Kg8 32. Rg3 (32. Bxf5) 32... Ne7 33. Rxe7
$6 (33. Qh6 $1 Rf6 34. Nxf5 $18) 33... Qxe7 34. Rxg6+ Kf7 35. Rg3 (35. Nxf5
Qa7+ 36. Nd4 Qc5 37. Rg5 d5 38. Qe3 $18) 35... Re8 36. Kf1 (36. Rg7+ $1 Kxg7
37. Nxf5+ Kf7 38. Nxe7 Kxe7 39. Qg5+ $18) 36... Qe5 37. Nxf5 Re6 38. Rf3 Ke8
39. Re3 Qf4+ 40. Kg1 Rxe3 41. Nxe3 Ra7 {Statt eines klare Gewinnstellung hat
Weiss jetzt nur noch einen kleinen Vorteil.} 42. g3 Rg7 43. Qd3 Qe5 44. Nf5 Rd7
45. b4 axb4 46. axb4 Nf7 47. Kg2 Qe1 48. Qe3+ Qxe3 49. Nxe3 Ne5 50. b5 cxb5 51.
cxb5 Ra7 52. g4 Ra3 53. Kf2 d5 54. b6 Ra2 55. b7 Rb2 56. Kg3 d4 57. Nf5 d3 58.
Ba4+ Kd8 59. Kf4 Nd7 60. Bxd7 Kxd7 61. Ke3 Kc7 62. h4 Rg2 63. Kxd3 Rxg4 64. Ke3
1/2-1/2

[Event "EST-ch int"]
[Site "Puhajarve"]
[Date "2001.08.08"]
[Round "11"]
[White "Ehlvest, Jaan"]
[Black "Lauk, Ular"]
[Result "1-0"]
[WhiteElo "2627"]
[BlackElo "2346"]
[Annotator "Meulders,R"]
[PlyCount "139"]
[EventDate "2001.08.08"]
[EventType "tourn"]
[EventRounds "11"]
[EventCountry "EST"]
[EventCategory "9"]
[SourceTitle "CBM 085"]
[Source "ChessBase"]
[SourceDate "2001.11.13"]
[SourceVersion "1"]
[SourceVersionDate "2001.11.13"]
[SourceQuality "1"]

1. c4 Nf6 2. Nf3 d6 3. g3 Bg4 4. Bg2 Nbd7 5. Nc3 c6 6. d4 e5 7. h3 Bh5 8. O-O
Be7 9. Nh4 O-O 10. b3 (10. Nf5 Re8 11. d5 (11. g4 Bg6 12. Nxe7+ Qxe7 13. Bg5 h6
14. Bh4 Qd8 15. Qd2 Qb6 16. e3 exd4 17. exd4 Ne4 18. Nxe4 Bxe4 $15 {0-1
Gurevich,D-Rogers,I/Belgrade 1988/CBM 10 (57)}) (11. Nxe7+ Qxe7 12. b3 Nf8 13.
Re1 Rad8 14. d5 c5 15. Qc2 h6 16. e4 N8h7 17. f4 exf4 18. gxf4 Nd7 19. Bb2 g5
$6 20. Rf1 gxf4 21. Rxf4 Ne5 22. Raf1 $14 {1-0 Vyzmanavin,A-Mokry,K/Tilburg
1994/CBM 44 (43)}) 11... cxd5 (11... c5 12. g4 Nxg4 13. hxg4 Bxg4 14. Nxe7+
Qxe7 15. f3 Bh5 16. e4 Nf8 17. Ne2 Bg6 18. Ng3 Qd7 19. Kh2 b5 20. Bh3 $16 {
1-0 Maherramzade,J-Vescovi,G/Medellin 1996/Juniors (39)}) 12. Nxd5 Nxd5 13.
Bxd5 Qc7 14. b3 Bf8 15. Bg2 Rad8 16. Bb2 Nc5 17. Qd2 f6 18. Rfd1 Bf7 19. Ba3
Qc8 20. Ne3 b6 21. Rac1 f5 22. Nd5 $14 {1-0 Smejkal,J-Balashov,Y/Sochi 1973/
MCL (38)}) (10. g4 Bg6 11. e3 Nb6 12. f4 exf4 13. exf4 Be4 14. Nxe4 Nxe4 15.
Nf5 d5 16. Bxe4 dxe4 17. b3 Re8 18. Bb2 Bf8 19. g5 (19. Qe1 g6 20. Ne3 Bg7 21.
Rd1 $11) 19... g6 20. Ne3 Bg7 $15 {1-0 Dizdar,G-Cvorovic,D/Solin 1994/EXT 97 
(44)}) 10... Re8 11. Bb2 Bf8 12. d5 Rc8 13. Nf5 Bg6 14. Nh4 a5 (14... Bh5 $5)
15. Nxg6 hxg6 16. Rb1 Qb6 17. Bc1 Nh5 18. Be3 Qc7 19. Qc2 Nhf6 {Weiss hat mehr
Raum und es ist schwierig für Schwarz um aktiv zu werden.} 20. Qd2 c5 $6 {
[%csl Rb5]} 21. Nb5 Qd8 22. Qc3 Be7 23. Bd2 {Weiss fängt an zu lavieren. Ein
wichtiger Zweck davei ist dass Schwarz nervös wird und seine Stellung schwächt.
} Ra8 24. a3 Ra6 $2 {Hier steht der Turm bis am Ende der Partie verloren.} 25.
Qd3 Nh7 26. e4 Bg5 27. Bc3 $1 {Ein Tausch würde die schwarze Aufgabe
erleichtern und für f4 ist est noch zu früh.} (27. f4 exf4 28. gxf4 Bf6 $14)
27... Ndf6 28. h4 Bh6 29. Bh3 Nf8 {Est ist sehr frustrierend wenn man sich nur
passiv verhalten kann.} 30. Kg2 g5 $6 {[%csl Rf5]} 31. hxg5 Bxg5 32. Rh1 Bh6
33. Bf5 Bg5 34. Qe2 g6 35. Bg4 N6h7 36. Rh3 Bf6 37. Rbh1 $16 {Der Druck wird
ständig aufgeführt.} Qe7 38. Qe1 Qd8 39. Rh6 Bg7 40. R6h3 Qg5 41. f3 Qd8 42.
Qg1 Ng5 43. Rh4 f6 44. Bd2 Nf7 {[%csl Rf7,Rf8]} 45. Qb1 Qe7 46. Qd3 Raa8 47.
Re1 Qd8 48. Qf1 Re7 49. Qh1 Ra6 $2 {Freiwillig wieder in der Hütte.} (49... b6)
50. Qh2 Qe8 51. Rh1 $18 Qd8 52. Qh3 Qe8 53. Be6 $1 {[%cal Ge6g8] Die Schule
ist aus. Es droht Matt auf h8.} Rxe6 54. Nc7 $1 {Die Pointe.} Re7 (54... Qe7
55. Nxa6 bxa6 56. dxe6 Nxe6 $18) 55. Nxe8 Rxe8 56. Rg4 g5 57. f4 exf4 58. gxf4
f5 59. Rg3 Rxe4 60. Kf1 g4 61. Qh5 Nh6 62. Bc3 Rxf4+ 63. Kg2 Nf7 64. Bxg7 Kxg7
65. Re3 Re4 66. Rxe4 fxe4 67. Rf1 Ne5 68. Qg5+ Nfg6 69. Qf6+ Kg8 70. Qd8+ 1-0

[Event "YUG-ch 57th"]
[Site "Banja Koviljaca"]
[Date "2002.03.28"]
[Round "12"]
[White "Jeremic, Veljko"]
[Black "Damljanovic, Branko"]
[Result "1/2-1/2"]
[WhiteElo "2484"]
[BlackElo "2545"]
[Annotator "Meulders,R"]
[PlyCount "40"]
[EventDate "2002.03.16"]
[EventType "tourn"]
[EventRounds "13"]
[EventCountry "YUG"]
[EventCategory "10"]
[SourceTitle "CBM 089"]
[Source "ChessBase"]
[SourceDate "2002.08.12"]
[SourceVersion "1"]
[SourceVersionDate "2002.08.12"]
[SourceQuality "1"]

1. d4 d6 2. c4 Nf6 3. Nc3 Bf5 4. f3 e5 5. e4 exd4 6. Qxd4 Nc6 7. Qd2 Be6 {
[%csl Rd5]} 8. b3 g6 ({Die Alternative ist} 8... Be7 9. Nge2 (9. Bb2 O-O 10.
Nge2 Nd7 11. Nd5 Bg5 12. f4 Be7 13. O-O-O f5 14. exf5 Bxf5 15. Ng3 Bg6 16. Bd3
Bxd3 17. Qxd3 $16 {1/2-1/2 Cosma,I-Radovici,C/ROM 1994/EXT 97 (53)}) 9... O-O
10. Ng3 Nd7 11. Nd5 Bh4 12. Be2 f5 13. exf5 Bxf5 14. O-O Bg6 15. Bb2 Nc5 16.
Rad1 a5 17. Qc3 $14 {1-0 Szabo,L-Gheorghiu,F/Tel Aviv 1964/MCD (33)}) 9. Bb2
Bg7 10. Bd3 (10. Nge2 O-O 11. Ng3 h5 12. Be2 h4 13. Nf1 a5 14. Ne3 Bh6 15. Ncd5
Bxd5 16. cxd5 Ne5 $11 {1/2-1/2 Azmaiparashvili,Z-Vasiukov,E/Volgodonsk 1981/
MCD (33)}) 10... a5 (10... Ne5 11. Nge2 c6 12. Rd1 O-O 13. Bb1 Bxc4 $6 14. Qxd6
(14. bxc4 Nxc4 15. Qc1 $16) 14... Qa5 15. b4 Qb6 16. Na4 (16. Qxe5 Bxe2 17.
Nxe2 Nh5 $13) 16... Qe3 17. Qd2 $15 {0-1 Balashov,Y-Tal,M/Moscow 1972/EXT 2001
(37)}) (10... O-O 11. Nge2 Nd7 12. O-O Nc5 13. f4 Nxd3 14. Qxd3 f5 15. exf5
Bxf5 16. Qd2 Qf6 17. Rae1 Rae8 18. Nd1 Qf7 19. Bxg7 {1/2-1/2 Andrianov,
N-Vasiukov,E/Moscow 1984/MCL (19)}) 11. Nge2 Nd7 {[%cal Gg7b2]} 12. O-O Nc5 13.
Nd5 (13. Rad1 Nxd3 {Der weiße Läufer ist momentan 'schlecht', aber die weißen
Bauern sind natürlich nicht unbeweglich und im Endspiel kann das Läuferpaar
ein wichtiger Trumpf sein.} (13... O-O 14. Nf4 Bd4+ 15. Kh1 Nb4 16. Bb1 Bg7 17.
Nxe6 fxe6 {und Weiss steht nur ein wenig besser.})) 13... Ne5 14. Bb1 Bxd5 (
14... c6 $5 15. f4 $5 {[%csl Rg7][%cal Gb2g7]} cxd5 16. cxd5 Qb6 17. Bd4 (17.
Kh1 $4 Nc4 $1 $19) 17... Bg4 18. fxe5 O-O 19. Rf2 Bxe5 20. Bxe5 dxe5 {[%csl
Rb1,Gd5] mit etwa gleichen Chancen, weil die aktive schwarze Stellung den
Nachteil des Freibauern d5 kompensiert. Obendrein ist jetzt natürlich der Bb1
wirklich schlecht.}) 15. cxd5 O-O 16. Nd4 Re8 17. Bc2 c6 18. dxc6 bxc6 19. Kh1
Qb6 20. Bc3 a4 $11 1/2-1/2

[Event "Santo Antonio 4th"]
[Site "Santo Antonio"]
[Date "2001.05.23"]
[Round "5"]
[White "Damaso, Rui"]
[Black "Ubilava, Elizbar"]
[Result "1-0"]
[WhiteElo "2424"]
[BlackElo "2526"]
[Annotator "Meulders,R"]
[PlyCount "65"]
[EventDate "2001.05.19"]
[EventType "tourn"]
[EventRounds "9"]
[EventCountry "POR"]
[EventCategory "9"]
[SourceTitle "CBM 084"]
[Source "ChessBase"]
[SourceDate "2001.09.13"]
[SourceVersion "1"]
[SourceVersionDate "2001.09.13"]
[SourceQuality "1"]

1. d4 Nf6 2. c4 d6 3. Nc3 Bf5 4. g3 Ne4 {Sehr ungewöhnlich. Der übliche Zug
ist ....e5} 5. Qd3 (5. Nxe4 Bxe4 6. f3 Bc6 7. Bg2 g6 8. e4 Bg7 9. Be3 Bd7 10.
Qb3 b6 11. Ne2 c5 12. d5 Na6 13. O-O Nc7 14. Nc3 $11 {0-1 Picart,L-Mollov,E/
Toulouse 1999/EXT 2000 (27)}) 5... d5 6. cxd5 Nxc3 7. Qxf5 Nxd5 8. Nf3 e6 9.
Qd3 (9. Qc2 Nb4 10. Qd1 c5 {1/2-1/2 Hoeksema,H-Riemersma,L/Enschede 1992/EXT
97 (10)}) 9... c5 10. Bg2 cxd4 11. O-O Be7 12. Nxd4 O-O 13. Rd1 Nc6 $2 {
Schwarz nimmt freiwillig eine zerschmetterte Bauernstruktur in Kauf. Das kann
natürlich nicht gut gehen.} (13... Nd7 14. e4 N5f6 15. Be3 Qa5 (15... a6) 16.
Qb5 $14) 14. Nxc6 bxc6 {[%csl Rc6]} 15. e4 Nb4 16. Qe2 {Selbstverständlich
tauscht Weiss die Damen nicht, weil Schwarz dann besser entwickelt wäre. Jetzt
wird der Nb4 zurückgeworfen.} Qb6 17. a3 Na6 18. b4 Rfd8 19. Be3 Qb7 20. Rac1
Rac8 21. e5 {[%csl Rc6] Weiss hat einfach eine Idealstellung bekommen. Schwarz
kann nur mühsam verteidigen und eigentlich ist das Endresultat schon bekannt.}
Nb8 {[%csl Rb8]} 22. Rxd8+ Rxd8 23. Qb2 Qa6 24. Be4 {[%cal Ge4b1,Gb2c2]} g6 {
[%csl Rf6,Rh6] Die schwarze Stellung ist im Gleichgewicht: jetzt sind sowohl
Königs- als Damenflügel geschwächt.} 25. Qc3 Kg7 26. Kg2 Kg8 27. h4 $1 {
[%csl Rh7][%cal Gh4h5,Gc1h1,Gh1h3]} h5 28. Ra1 $1 {Angriff auf beiden Flügeln,
wie im Lehrbuch!} Kg7 29. a4 Rd7 30. b5 $1 cxb5 31. axb5 Qxb5 {Sonst hat die
Dame kein einziges Feld.} 32. Rb1 Qa4 {[%cal Ga4e4]} 33. Bc2 $1 {Die Pointe:
der Nb8 geht verloren oder wird tödlich gefesselt.} (33. Bc2 Qc6+ 34. Qxc6 Nxc6
35. Ba4 $18 Rc7 36. Rc1) 1-0

[Event "Smartchess.com 2nd"]
[Site "New York"]
[Date "2001.10.11"]
[Round "5"]
[White "Wojtkiewicz, Aleksander"]
[Black "Blatny, Pavel"]
[Result "1/2-1/2"]
[WhiteElo "2573"]
[BlackElo "2478"]
[Annotator "Meulders,R"]
[PlyCount "22"]
[EventDate "2001.10.07"]
[EventType "tourn"]
[EventRounds "9"]
[EventCountry "USA"]
[EventCategory "10"]
[SourceTitle "CBM 086"]
[Source "ChessBase"]
[SourceDate "2002.02.05"]
[SourceVersion "1"]
[SourceVersionDate "2002.02.05"]
[SourceQuality "1"]

1. d4 Nf6 2. c4 d6 3. Nc3 Bf5 4. f3 e5 5. d5 e4 6. g4 Nxg4 {Eine Idealvariante
wenn man zum Spielen keine Lust hat. Ist schon mehr als 20 Mal in der (Gross)
meisterpraxis vorgekommen, zuerst in Vladimirov-Lein, 1966.} 7. fxg4 Qh4+ 8.
Kd2 e3+ $1 {Die Pointe} 9. Kxe3 Qg5+ 10. Kf2 Qh4+ 11. Ke3 Qg5+ (11... Qg5+ 12.
Kd4 $4 c5+ 13. dxc6 Nxc6+ 14. Kd5 Qg6 15. a3 Be6#) 1/2-1/2

[Event "Asia-ch"]
[Site "Kolkata"]
[Date "2001.08.09"]
[Round "1"]
[White "Sriram, Jha"]
[Black "Safin, Shukhrat"]
[Result "1/2-1/2"]
[WhiteElo "2399"]
[BlackElo "2529"]
[Annotator "Meulders,R"]
[PlyCount "110"]
[EventDate "2001.08.09"]
[EventType "swiss"]
[EventRounds "11"]
[EventCountry "IND"]
[SourceTitle "CBM 085"]
[Source "ChessBase"]
[SourceDate "2001.11.13"]
[SourceVersion "1"]
[SourceVersionDate "2001.11.13"]
[SourceQuality "1"]

1. d4 Nf6 2. c4 d6 3. Nc3 Nbd7 4. e4 e5 5. Nge2 Be7 6. Ng3 exd4 (6... Nf8 7.
Be2 (7. d5 h5 8. Nf5 Bxf5 9. exf5 N6d7 10. Ne4 Nf6 11. Ng5 N6h7 12. Ne4 Nf6 13.
Nc3 N6d7 14. h4 Bxh4 15. g3 Bg5 16. Rxh5 Rxh5 17. Qxh5 Bxc1 18. Rxc1 a5 19. Nb5
Nc5 20. Qg4 c6 21. Nc3 Qf6 $15 {1/2-1/2 Zaja,I-Franic,M/Pula 1993/EXT 99 (44)})
7... Ng6 8. O-O O-O 9. d5 Bd7 10. Be3 h6 11. f3 Nh7 12. Re1 Bg5 13. Bf2 Nf4 14.
Bf1 g6 15. c5 h5 16. Nge2 f5 17. Nxf4 Bxf4 18. Qb3 $16 {1/2-1/2 Barczay,
L-Sergievsky,V/URS 1968/MCD (33)}) (6... g6 7. Be2 c6 8. O-O O-O 9. b3 a6 10.
Kh1 b5 11. f4 b4 12. Na4 exd4 13. Qxd4 c5 14. Qd3 Bb7 15. Bb2 Qc7 16. Rae1 Rfe8
17. Bf3 Rad8 18. e5 dxe5 19. fxe5 Nf8 20. Qe3 N6d7 21. Bxb7 Qxb7 22. Qf4 {
1-0 Kroeze,F-Onoprienko,V/Groningen 1994/EXT 97 (22)}) 7. Qxd4 Ne5 8. Be2 Be6
9. f4 c5 10. Qd1 Nc6 (10... Nxc4 11. Qa4+ Qd7 12. Qxd7+ Nxd7 13. f5 $18) 11.
O-O O-O 12. Be3 Qb6 13. Nd5 Bxd5 14. exd5 Nd4 15. b3 Rfe8 16. Bd3 $14 Bf8 17.
Re1 g6 18. f5 Bg7 19. Bg5 Nd7 20. Qd2 Ne5 21. Be4 a5 22. Bh6 Qd8 23. Bxg7 Kxg7
24. Rf1 Qh4 25. f6+ Kh8 26. Rf4 Qh6 {[%csl Rd2]} 27. Raf1 Ng4 {[%csl Rf6,Rh2]}
28. h3 Nxf6 {[%cal Rh6d2]} 29. Bb1 Ng8 30. Ne4 Rxe4 (30... Rad8 31. Rxf7 $14)
31. Bxe4 f5 32. Bb1 Re8 33. Rxd4 cxd4 34. Qxd4+ Qg7 35. Qxg7+ Kxg7 36. Kf2 $11
Nf6 37. Re1 Rxe1 38. Kxe1 Nd7 39. Kd2 Kf6 40. Ke3 Ke5 41. Bc2 g5 42. Bd1 (42.
g3 h5 43. h4 f4+ 44. gxf4+ gxf4+ 45. Kf3 a4 46. Bg6 axb3 47. axb3 Nc5 48. b4
Nb3 49. Bxh5 Nd2+ 50. Kf2 Nxc4 $11) 42... Nf6 43. Bc2 h5 44. Bd1 f4+ 45. Kd3 g4
46. hxg4 hxg4 47. a3 Ne4 48. Be2 b6 49. b4 a4 (49... axb4 50. axb4 g3 $17) 50.
Kc2 Nf6 51. Kd3 Ne4 52. Kc2 Nf2 (52... g3 53. Kd3 Ng5 54. Bf1 (54. Bg4 f3 $19)
54... f3 $17) 53. Kc3 Ne4+ 54. Kc2 Nf6 55. Kd3 Ne4 1/2-1/2